000
00410nam a2200145Ia 4500
008
100204s9999 xx 000 0 und d
082
_b
14247
100
_a
साठे माया
245
_a
राधा
260
_b
"बांदोडकर पब्लिशिंग हाऊस, गोवा"
_c
1991
300
_a
194
630
_a
राधा
730
_a
राधा
942
_c
BOOK
999
_c
458678
_d
458675